000 00516nam a2200181Ia 4500
008 140609s9999 xx 000 0 und d
020 _a9781606490419
050 _aHF 5415.2
_b.B534 2010
100 _aBerry, Tim.
245 _aSales and market forecasting for entrepreneurs /
_cTim Berry
260 _aNew York :
_bBusiness Expert Press,
_cc2010.
300 _a137 p. :
_bill. ;
_c23 cm.
500 _aIncludes index.
521 _aBSBA
650 _aSales management.
942 _kFOR
_cBK
999 _c117933
_d117933